Biggest cities in the vatican - Statistics

General Stats
  • This quiz has been taken 21 times
  • The average score is 1 of 6
Answer Stats
Hint Answer % Correct
2.8m Rome
100%
200 Vatican town
5%
24 Vatican village
5%
50 Freerome
0%
Unknown Nahpolice
0%
5 Vatican church
0%
No matching quizzes found
Score Distribution
Percent of People with Each Score
Percentile by Number Answered
Your Score History
You have not taken this quiz